000 00675nam a2200289Ia 4500
005 20260324134410.0
008 008 260324s9999 xx 000 0 eng d
020 _a9781315788296
037 _aEBOOK
040 _aCRL
040 _beng
040 _cCRL
041 _2eng
041 _aeng
084 _qCRL
100 _aTheresa Baron-McKeagney
_91196667
245 0 _aTelling Our Stories
245 4 _bThe Lives of Latina Women
260 _bTaylor and Francis
260 _c2002
365 _a
365 _b65.99
856 _uhttp://www.taylorfrancis.com/books/9781315788296
942 _cEBOOK
999 _c1796732
_d1796732